000 00584nam a2200229Ia 4500
003 OSt
005 20221005120328.0
006 a|||||r|||| 00| 0
007 ta
008 221004b |||||||| |||| 00| 0 tam d
024 _a51232
037 _cTextual
040 _aCRL
_cCRL
_btam
041 _2tam
_atam
082 _aO35xM80w, 31M1
100 _aReddiar N. Subbu Tr.
_9629014
245 0 _aDr. C. R. Reddy
260 _c1981
650 _aTELUGU LITERATURE
942 _hO35xM80w, 31M1
_cTEXL
_2cc
999 _c1037663
_d1037663